| 000 | 02263cam a2200277 4500500 | ||
|---|---|---|---|
| 005 | 20260419003146.0 | ||
| 041 | _afre | ||
| 042 | _adc | ||
| 100 | 1 | 0 |
_aMével, Gérard _eauthor |
| 245 | 0 | 0 | _aFrantz Fanon, un idéal au-delà des couleurs |
| 260 | _c2026. | ||
| 500 | _a86 | ||
| 520 | _a« Frantz Fanon, un idéal au-delà des couleurs. » Frantz Fanon, dont nous célébrons le centenaire de la naissance, est un psychiatre martiniquais qui, en s’inspirant des pratiques de l’hôpital de Saint-Alban en Lozère, a imposé une sociothérapie à l’hôpital Blida-Joinville en Algérie. Les résultats spectaculaires obtenus donnent une place essentielle à l’anthropologie psychiatrique. Son expérience souligne les dégâts de la colonisation. Fanon devient le clinicien des emprises toxiques. | ||
| 520 | _a“Frantz Fanon: An Ideal Beyond Color.” Frantz Fanon, whose birth centenary we are celebrating, was a Martinican psychiatrist who, drawing inspiration from the practices developed at Saint-Alban Hospital in Lozère, introduced sociotherapy at Blida-Joinville Hospital in Algeria. The remarkable results achieved there established a central place for psychiatric anthropology. His experience underscores the devastating effects of colonization. Fanon thus emerges as a clinician of toxic forms of domination. | ||
| 520 | _a“Frantz Fanon, un ideal más allá del color.” Frantz Fanon, cuyo centenario celebramos, fue un psiquiatra de Martinica que, inspirado en las prácticas del hospital Saint-Alban de Lozère, introdujo la socioterapia en el hospital Blida-Joinville de Argelia. Los espectaculares resultados obtenidos otorgaron a la antropología psiquiátrica un papel central. Su experiencia subraya los efectos devastadores de la colonización. Fanon se convirtió en el clínico de las influencias tóxicas. | ||
| 690 | _aAnthropologie | ||
| 690 | _aAntiracisme | ||
| 690 | _aIdéaux | ||
| 690 | _aPrimitivisme | ||
| 690 | _aAnthropology | ||
| 690 | _aAnti-racism | ||
| 690 | _aIdeals | ||
| 690 | _aPrimitivism | ||
| 786 | 0 | _nLe Divan familial | º 56 | 1 | 2026-03-24 | p. 183-196 | 1292-668X | |
| 856 | 4 | 1 | _uhttps://shs.cairn.info/revue-le-divan-familial-2026-1-page-183?lang=fr&redirect-ssocas=7080 |
| 999 |
_c2214310 _d2214310 |
||